00555 2200217 4500001002100000005001500021035002000036007000300056008004100059020002200100100000900122245003900131250001100170260003100181300004600212650001500258600002300273600001100296710001400307990001600321INLIS00000000000064720221128020214 a0010-1122000241ta221128 b 0 ind  a978-602-5861-40-60 aWeda1 aMengapa Ktia Harus Shalat? /cWeda aCet. I bPenerbit Briliant34,c2020 a34 halaman :bilustrasi berwarna ;c20 cm 4aFikih Anak 4aBacaan Anak Muslim 4aShalat0 aAM STUDIO a00000000787